TV Shows Missing 'H' Words Quiz Stats

 Plays Quiz Updated May 7, 2019

Score 0/18 Timer 03:00
4 Plays Today
Hint Answer % Correct
Half
98%
Hannah
97.7%
Horror
97.2%
House
94.4%
Hollow
94.3%
Happy
93.1%
Hutch
91.9%
Hitchcock
90.5%
Hazzard
90%
Hint Answer % Correct
Hillbillies
86.4%
Howdy
82.9%
Hee
81.7%
Howser
80.6%
Hornet
80%
Hogan's
75.4%
Handmaid's
75.3%
Hollywood
72.3%
Hope
70.1%

You're not logged in!

Compare scores with friends on all Sporcle quizzes.
OR
Log In

Show Comments

Extras

Top Quizzes Today


Score Distribution

Your Account Isn't Verified!

In order to create a playlist on Sporcle, you need to verify the email address you used during registration. Go to your Sporcle Settings to finish the process.

Report this User

Report this user for behavior that violates our Community Guidelines.

Details: